000 00575nam 22002053 4500
001 198473
010 _a84-473-2851-1
021 _bB.666-2003
090 _a198473
100 _a20251017d u||y0pory50 ba
200 _aVinte Mil Léguas Submarinas
_fJúlio Verne
210 _aBarcelona
_cRBA Colecionables
_d2003
215 _a228 p.
_cencadernado
_d22 cm
225 _aBiblioteca Júlio Verne
606 _97
_aLiteratura Francesa
675 _a821.133.1-3
_vPT
_zpor
700 _91772
_aVerne
_bJúlio
_f1828-1905
801 _aPT
_bBMMN
_gRPC
830 _cAna Caetano
990 _cLIVROS